| 000 | 01035nam a2200277Ia 4500 | ||
|---|---|---|---|
| 001 | Para_9944 | ||
| 003 | CHAP | ||
| 008 | 220125sOctu xx 000 0 und d | ||
| 010 | _a208608 | ||
| 040 | _cCHAP | ||
| 090 | _aPA CD - TESIS 29 | ||
| 100 |
_aSaavedra Nieto, Elías _9175058 |
||
| 245 |
_aControl químico y mecanismos de resistencia sistémica adquirida de mildiu (Peronospora sparsa) en rosal (Rosa spp.) en Villa Guerrero, Estado de México / _c Elías Saavedra Nieto; Director Santos Gerardo Leyva Mir |
||
| 260 |
_aChapingo, Méx. : _b el autor |
||
| 300 | _a1 CD ROM (44 p.) | ||
| 502 | _aTesis (Ing. Agr. Esp. en Parasitología Agrícola). UACh. Departamento Parasitología Agrícola | ||
| 700 |
_aLeyva Mir, Santos Gerardo. Director _9171335 |
||
| 710 |
_aUACh. Departamento Parasitología Agrícola _9164025 |
||
| 901 | _aPA CD - TESIS 29 | ||
| 902 | _aM | ||
| 905 | _a513220Octubre, 2010 amn 8100000000 06 | ||
| 910 | _aOctu | ||
| 942 | _cPARA | ||
| 942 |
_cPARA _d2 |
||
| 999 |
_c208608 _d208608 |
||